Infrastructure investment (Registro nro. 33580)

Detalles MARC
000 -LEADER
fixed length control field 00327 a2200109 4500
001 - CONTROL NUMBER
control field ART_43936
005 - DATE AND TIME OF LATEST TRANSACTION
control field 20260410162026.0
008 - FIXED-LENGTH DATA ELEMENTS--GENERAL INFORMATION
fixed length control field 260409a
100 1# - MAIN ENTRY--PERSONAL NAME
Personal name Gramlich, Edward M.
245 10 - TITLE STATEMENT
Title Infrastructure investment
773 0# - HOST ITEM ENTRY
Title Journal of economic literature
Related parts - Vol. XXXII, Nº 3 (sep. 1994)
Record control number REV43676

No hay ítems disponibles.